<?xml version="1.0" encoding="UTF-8"?><?xml-stylesheet type="text/xsl" href="static/style.xsl"?><OAI-PMH xmlns="http://www.openarchives.org/OAI/2.0/" xmlns:xsi="http://www.w3.org/2001/XMLSchema-instance" xsi:schemaLocation="http://www.openarchives.org/OAI/2.0/ http://www.openarchives.org/OAI/2.0/OAI-PMH.xsd"><responseDate>2026-04-29T07:27:23Z</responseDate><request verb="GetRecord" identifier="oai:repisalud.isciii.es:20.500.12105/26693" metadataPrefix="marc">https://repisalud.isciii.es/rest/oai/request</request><GetRecord><record><header><identifier>oai:repisalud.isciii.es:20.500.12105/26693</identifier><datestamp>2025-12-18T12:58:36Z</datestamp><setSpec>com_20.500.12105_2203</setSpec><setSpec>com_20.500.12105_2202</setSpec><setSpec>col_20.500.12105_19585</setSpec></header><metadata><record xmlns="http://www.loc.gov/MARC21/slim" xmlns:dcterms="http://purl.org/dc/terms/" xmlns:doc="http://www.lyncode.com/xoai" xmlns:xsi="http://www.w3.org/2001/XMLSchema-instance" xsi:schemaLocation="http://www.loc.gov/MARC21/slim http://www.loc.gov/standards/marcxml/schema/MARC21slim.xsd">
   <leader>00925njm 22002777a 4500</leader>
   <datafield ind2=" " ind1=" " tag="042">
      <subfield code="a">dc</subfield>
   </datafield>
   <datafield ind2=" " ind1=" " tag="720">
      <subfield code="a">Instituto de Salud Carlos III. Gabinete de prensa</subfield>
      <subfield code="e">author</subfield>
   </datafield>
   <datafield ind2=" " ind1=" " tag="260">
      <subfield code="c">2025-04-22</subfield>
   </datafield>
   <datafield ind2=" " ind1=" " tag="520">
      <subfield code="a">Una investigación coordinada desde el Centro Nacional de Epidemiología (CNE) del ISCIII, en colaboración con ocho centros hospitalarios españoles y el Área de Epidemiología y Salud Pública (CIBERESP) del Centro de Investigación Biomédica en Red (CIBER-ISCIII) sugiere que la adherencia a las recomendaciones para la prevención del cáncer. El trabajo ha explorado la adherencia a las recomendaciones para la prevención del cáncer emitidas por el Fondo Mundial para la Investigación del Cáncer/Instituto Americano para la Investigación del Cáncer (WCRF/AICR) en mujeres diagnosticadas de cáncer de mama un año antes de su diagnóstico. El estudio también ha analizado cómo se relaciona esta adherencia a las recomendaciones con las diversas características sociodemográficas y clínicas de las participantes. La investigación ha evaluado a 915 pacientes diagnosticadas entre 2014 y 2019 en ocho hospitales de cuatro regiones de España. Los resultados han permitido identificar que ciertos factores sociodemográficos y clínicos influyen en el grado de cumplimiento de estas pautas.</subfield>
   </datafield>
   <datafield ind1="8" ind2=" " tag="024">
      <subfield code="a">Nota de prensa y noticia publicada el 22/04/2025.</subfield>
   </datafield>
   <datafield ind1="8" ind2=" " tag="024">
      <subfield code="a">https://hdl.handle.net/20.500.12105/26693</subfield>
   </datafield>
   <datafield tag="653" ind2=" " ind1=" ">
      <subfield code="a">Cáncer de mama</subfield>
   </datafield>
   <datafield tag="653" ind2=" " ind1=" ">
      <subfield code="a">Prevención del cáncer</subfield>
   </datafield>
   <datafield tag="653" ind2=" " ind1=" ">
      <subfield code="a">Fondo Mundial para la Investigación del Cáncer</subfield>
   </datafield>
   <datafield tag="653" ind2=" " ind1=" ">
      <subfield code="a">Instituto Americano para la Investigación del Cáncer</subfield>
   </datafield>
   <datafield tag="653" ind2=" " ind1=" ">
      <subfield code="a">Factores sociodemográficos</subfield>
   </datafield>
   <datafield tag="653" ind2=" " ind1=" ">
      <subfield code="a">Factores clínicos</subfield>
   </datafield>
   <datafield tag="653" ind2=" " ind1=" ">
      <subfield code="a">Pacientes oncológicos</subfield>
   </datafield>
   <datafield tag="653" ind2=" " ind1=" ">
      <subfield code="a">Estilo de vida</subfield>
   </datafield>
   <datafield tag="653" ind2=" " ind1=" ">
      <subfield code="a">Recomendaciones de salud</subfield>
   </datafield>
   <datafield tag="653" ind2=" " ind1=" ">
      <subfield code="a">España</subfield>
   </datafield>
   <datafield ind2="0" ind1="0" tag="245">
      <subfield code="a">Factores clínicos y sociodemográficos asociados al cumplimiento de recomendaciones preventivas antes del diagnóstico de cáncer de mama</subfield>
   </datafield>
</record></metadata></record></GetRecord></OAI-PMH>